[Event "Martinique-ch"]
[Site "Fort de France"]
[Date "2012.05.18"]
[Round "4.10"]
[White "Chauleau, Charles Cedric"]
[Black "Grego, Pierre"]
[Result "1/2-1/2"]
[WhiteElo "1470"]
[BlackElo "1889"]
[PlyCount "89"]
[EventDate "2012.05.??"]
[EventType "swiss"]
[EventRounds "9"]
[EventCountry "MFR"]
[SourceTitle "EXT 2014"]
[Source "ChessBase"]
[SourceDate "2013.11.20"]
[SourceVersion "1"]
[SourceVersionDate "2013.11.20"]
[SourceQuality "1"]

1. d4 f5 2. Nf3 Nf6 3. Bf4 d6 4. e3 g6 5. g3 Bg7 6. Bg2 0-0 7. 0-0 h6 8. h4 Qe8 9. Nc3 c6 10. Re1 Ne4 11. Nxe4 fxe4 12. Nd2 e5 13. Bxh6 Bxh6 14. Nxe4 Qe7 15. dxe5 dxe5 16. Qd3 Bf5 17. Qc3 Na6 18. Rad1 Rad8 19. a3 Bg7 20. Qb3+ Be6 21. Qc3 Bg4 22. Rxd8 Rxd8 23. Qb3+ Be6 24. Qc3 Bd5 25. Rd1 Be6 26. Rxd8+ Qxd8 27. Ng5 Qd7 28. Nxe6 Qxe6 29. Bf1 e4 30. Bc4 Bxc3 31. Bxe6+ Kg7 32. bxc3 b6 33. Bc8 Nc5 34. Bg4 Kf6 35. f3 Ke5 36. f4+ Kf6 37. h5 gxh5 38. Bxh5 Na4 39. c4 c5 40. Be2 Nc3 41. Kf2 Nb1 42. Ke1 Nxa3 43. Kd1 Nb1 44. Kc1 Nc3 45. Kd2 1/2-1/2